000 00199nam a2200085 4500
001 1234623
005 20250929104406.0
245 _aOKUMA BAHÇESİ KÜTÜPHANEDE
_cCANSU ONURLUER
260 _bMODEL ÇOCUK
999 _c1234623
_d1234623